[Event "CZE-chT2F 0910"]
[Site "Czech Republic"]
[Date "2009.11.22"]
[Round "3.6"]
[White "Dolezal, Karel"]
[Black "Fuksik, Jakub"]
[Result "1/2-1/2"]
[WhiteElo "2000"]
[BlackElo "2158"]
[PlyCount "92"]
[EventDate "2009.10.18"]
[EventType "team-tourn"]
[EventRounds "11"]
[EventCountry "CZE"]
[SourceTitle "EXT 2012"]
[Source "ChessBase"]
[SourceDate "2011.11.24"]
[SourceVersion "1"]
[SourceVersionDate "2011.11.24"]
[SourceQuality "1"]
[WhiteTeam "Vsetin"]
[BlackTeam "Grygov II"]
[WhiteTeamCountry "CZE"]
[BlackTeamCountry "CSR"]

1. c4 e5 2. Nc3 Bb4 3. Qb3 Nc6 4. Nf3 d6 5. a3 Bxc3 6. Qxc3 Nf6 7. d4 e4 8. Nd2 0-0 9. b4 Re8 10. e3 Ng4 11. h3 Qh4 12. g3 Qh5 13. Bb2 Nf6 14. Rg1 Bd7 15. g4 Qh4 16. b5 Ne7 17. d5 Ng6 18. Rg3 Ne5 19. 0-0-0 c6 20. dxc6 bxc6 21. bxc6 Bxc6 22. Nb3 d5 23. c5 Rab8 24. Rd4 Nfd7 25. Rb4 Qe7 26. g5 Rbc8 27. Kb1 Rc7 28. h4 Ba8 29. Bb5 Bc6 30. f4 exf3 31. Bxc6 Rxc6 32. Rxf3 a5 33. Rbf4 f6 34. gxf6 Nxf6 35. Qxe5 Qxe5 36. Bxe5 Rxe5 37. Ra4 Re4 38. Rxa5 Rxh4 39. Nd4 Rc8 40. c6 Ne4 41. Kc2 Rh2+ 42. Kd1 h5 43. Ra7 Nc3+ 44. Kc1 Na2+ 45. Kb1 Nc3+ 46. Kc1 Na2+ 1/2-1/2